| 000 | 00620nam a2200205Ia 4500 | ||
|---|---|---|---|
| 008 | 131103s9999 xx 000 0 und d | ||
| 020 |
_a0 9000997 28 1 _cP.B.G.12.00 |
||
| 040 | _aLoreto College | ||
| 041 | _aEnglish | ||
| 082 |
_a823.08/VIN _bLCLIB/24130 |
||
| 245 |
_aContemporary novelists _cEdited by James Vinson |
||
| 260 |
_aLondon _bSt. James _c1976c |
||
| 300 |
_aV.2 _c 23cm. |
||
| 440 | _aContemporary writers of the English language | ||
| 504 | _aIncludes appendix & notes | ||
| 650 | _aEnglish novelists - collection | ||
| 700 | _aVinson, James ; ed. | ||
| 850 | _aLCLIB/823.08/VIN | ||
| 942 | _cBK | ||
| 999 |
_c23768 _d74247 |
||